[Event "POR-ch (Women)"]
[Site "Famalicao"]
[Date "2025.05.04"]
[Round "6"]
[White "Silva, Ana Ines Teixeira D"]
[Black "Ryabukhina, Veronika"]
[Result "0-1"]
[WhiteElo "1897"]
[BlackElo "1882"]
[PlyCount "90"]
[EventDate "2025.05.01"]
[EventType "swiss"]
[EventRounds "6"]
[EventCountry "POR"]
[SourceTitle "CB19_2025"]
[SourceDate "2025.05.07"]
[SourceVersion "1"]
[SourceVersionDate "2025.05.07"]
[SourceQuality "1"]

1. e4 c5 2. Nf3 g6 3. c3 Bg7 4. d4 cxd4 5. cxd4 d5 6. e5 Nh6 7. Nc3 0-0 8. Qb3 Nc6 9. Bb5 Bg4 10. Bxc6 bxc6 11. Bxh6 Bxh6 12. Ne2 Qa5+ 13. Qc3 Qxc3+ 14. Nxc3 Rab8 15. b3 Rb4 16. Rd1 f6 17. e6 Bxe6 18. 0-0 Bg4 19. Rfe1 Kf7 20. Na4 Bxf3 21. gxf3 Re8 22. Nc5 e6 23. Re2 Bf8 24. Rc2 Bd6 25. Rdc1 Rc8 26. Na6 Rxd4 27. b4 Ke7 28. a3 Rh4 29. b5 c5 30. Nxc5 Bxh2+ 31. Kg2 Bd6 32. Nd3 Rxc2 33. Rxc2 Rc4 34. Ra2 Ra4 35. Rc2 Rxa3 36. Nc5 Ra5 37. Nb3 Rxb5 38. Nd4 Rb7 39. Re2 e5 40. f4 e4 41. f5 Be5 42. Nc6+ Kd6 43. Na5 Rb5 44. fxg6 hxg6 45. Ra2 Bc3 0-1

[Event "POR-ch (Women)"]
[Site "Famalicao"]
[Date "2025.05.02"]
[Round "3"]
[White "Silva, Ana Ines Teixeira D"]
[Black "Almeida, Marta Dias"]
[Result "1/2-1/2"]
[WhiteElo "1897"]
[BlackElo "1824"]
[PlyCount "186"]
[EventDate "2025.05.01"]
[EventType "swiss"]
[EventRounds "6"]
[EventCountry "POR"]
[SourceTitle "CB19_2025"]
[SourceDate "2025.05.07"]
[SourceVersion "1"]
[SourceVersionDate "2025.05.07"]
[SourceQuality "1"]

1. e4 c6 2. d4 d5 3. exd5 cxd5 4. Bd3 Nc6 5. c3 Nf6 6. Bf4 Bg4 7. Qb3 Qd7 8. Nd2 e6 9. Ngf3 Bd6 10. Bxd6 Qxd6 11. 0-0 0-0 12. Rae1 Bxf3 13. Nxf3 Qc7 14. a3 Rac8 15. Qd1 h6 16. g3 Na5 17. Qe2 Nc4 18. Kg2 b5 19. Ne5 Qb7 20. Bb1 a5 21. Nd3 Ne4 22. f3 Ned2 23. Rf2 Nxb1 24. Rxb1 Rfe8 25. Re1 Rc7 26. f4 Nd6 27. Nc5 Qb6 28. b4 axb4 29. axb4 Ra7 30. Qf3 Ra3 31. Re3 Qa7 32. g4 Ra2 33. f5 Rxf2+ 34. Kxf2 exf5 35. Rxe8+ Nxe8 36. gxf5 Nf6 37. Qd3 Qa2+ 38. Qe2 Ng4+ 39. Ke1 Qa1+ 40. Kd2 Qb2+ 41. Kd3 Qb1+ 42. Qc2 Qf1+ 43. Qe2 Qxf5+ 44. Kd2 Qf4+ 45. Kd3 Nf2+ 46. Kc2 Ne4 47. Nd3 Qf5 48. Kb3 g5 49. Ne5 Nd6 50. Nd3 Nc4 51. Ka2 Qc8 52. Kb3 Qa8 53. Nc5 Qa3+ 54. Kc2 Qb2+ 55. Kd3 Qb1+ 56. Qc2 Qxc2+ 57. Kxc2 h5 58. Kd3 g4 59. Na6 h4 60. Ke2 f5 61. Nc7 Nd6 62. Nxd5 Kf7 63. Ke3 Nc4+ 64. Kf4 Nd2 65. Ne3 g3 66. h3 Nf1 67. Ng2 Ke6 68. Nxh4 Nd2 69. Kxg3 Ne4+ 70. Kf4 Nxc3 71. Nxf5 Nd5+ 72. Ke4 Nxb4 73. h4 Nd5 74. Ne3 Nf6+ 75. Kd3 Kd6 76. Nf5+ Kd5 77. Ng3 b4 78. Ne2 Nh5 79. Kd2 Ke4 80. Kc2 Kf3 81. Kb3 Kg4 82. Kxb4 Kxh4 83. Kc5 Kg5 84. Nc3 Nf6 85. Nd5 Ne4+ 86. Kc4 Kf5 87. Kd3 Nd6 88. Ne3+ Ke6 89. Ng2 Nb5 90. Nf4+ Kd6 91. d5 Nc7 92. Kc4 Nxd5 93. Nxd5 Ke5 1/2-1/2

[Event "POR-ch (Women)"]
[Site "Famalicao"]
[Date "2025.05.01"]
[Round "2"]
[White "Correia, Margarida"]
[Black "Silva, Ana Ines Teixeira D"]
[Result "0-1"]
[WhiteElo "1755"]
[BlackElo "1897"]
[PlyCount "66"]
[EventDate "2025.05.01"]
[EventType "swiss"]
[EventRounds "6"]
[EventCountry "POR"]
[SourceTitle "CB19_2025"]
[SourceDate "2025.05.07"]
[SourceVersion "1"]
[SourceVersionDate "2025.05.07"]
[SourceQuality "1"]

1. e4 e5 2. Nf3 Nc6 3. d4 exd4 4. Bc4 Nf6 5. e5 Ne4 6. 0-0 Be7 7. Bf4 d5 8. Bb5 Bg4 9. h3 Bxf3 10. Qxf3 Qd7 11. c3 dxc3 12. Nxc3 Nxc3 13. Qxc3 0-0 14. Rac1 Qf5 15. Qg3 Qe6 16. Be2 Qg6 17. Qe3 Rfe8 18. Bd3 Qe6 19. g4 g6 20. Qg3 Bf8 21. Rfe1 Bg7 22. Re2 Rac8 23. Kh1 Nd4 24. Ree1 c5 25. h4 c4 26. Bb1 Qc6 27. Rcd1 Ne6 28. Bc1 d4+ 29. Be4 Qb5 30. f4 d3 31. b3 Nc5 32. bxc4 Qxc4 33. Bxb7 Nxb7 0-1

[Event "EU-ch (Women) 25th"]
[Site "Rhodes"]
[Date "2025.04.09"]
[Round "9"]
[White "Silva, Ana Ines Teixeira D"]
[Black "Mihaljevic, Eva"]
[Result "1/2-1/2"]
[WhiteElo "1897"]
[BlackElo "2030"]
[PlyCount "108"]
[EventDate "2025.03.31"]
[EventType "swiss"]
[EventRounds "11"]
[EventCountry "GRE"]
[SourceTitle "CB16_2025"]
[SourceDate "2025.04.16"]
[SourceVersion "1"]
[SourceVersionDate "2025.04.16"]
[SourceQuality "1"]

1. e4 c5 2. c3 d5 3. exd5 Nf6 4. Qa4+ Nbd7 5. Qb3 a6 6. Nf3 b5 7. c4 bxc4 8. Bxc4 Nb6 9. Nc3 Nxc4 10. Qa4+ Bd7 11. Qxc4 e6 12. 0-0 exd5 13. Nxd5 Nxd5 14. Qxd5 Be7 15. Re1 0-0 16. d4 Be6 17. Qxd8 Rfxd8 18. dxc5 Bxc5 19. Bg5 Rd5 20. Rac1 h6 21. Bd2 Bg4 22. Be3 Bb4 23. Red1 Rad8 24. Rxd5 Rxd5 25. a3 Be7 26. h3 Bh5 27. b4 Rd3 28. g4 Bg6 29. Ne5 Rxa3 30. Nxg6 fxg6 31. Rc8+ Kh7 32. Bc5 Bxc5 33. Rxc5 Rxh3 34. Kg2 Rb3 35. Rc4 g5 36. f3 Kg6 37. Rc6+ Kf7 38. Rxa6 Rxb4 39. Rc6 Rf4 40. Kg3 Rf6 41. Rc7+ Kg6 42. Ra7 Re6 43. Ra5 Kf6 44. Rf5+ Ke7 45. Ra5 Rd6 46. Re5+ Kf6 47. Rf5+ Ke6 48. Rf8 Rd7 49. Ra8 Ke5 50. Re8+ Kd4 51. Re1 Rf7 52. Re8 Kd3 53. Kg2 Ra7 54. Kg3 Rb7 1/2-1/2

[Event "EU-ch (Women) 25th"]
[Site "Rhodes"]
[Date "2025.03.31"]
[Round "1"]
[White "Silva, Ana Ines Teixeira D"]
[Black "Calzetta Ruiz, Monica"]
[Result "1/2-1/2"]
[WhiteElo "1897"]
[BlackElo "2224"]
[PlyCount "99"]
[EventDate "2025.03.31"]
[EventType "swiss"]
[EventRounds "11"]
[EventCountry "GRE"]
[SourceTitle "CB16_2025"]
[SourceDate "2025.04.16"]
[SourceVersion "1"]
[SourceVersionDate "2025.04.16"]
[SourceQuality "1"]

1. e4 c5 2. Nf3 Nc6 3. c3 d5 4. exd5 Qxd5 5. d4 Nf6 6. dxc5 Qxd1+ 7. Kxd1 Bg4 8. Nbd2 e5 9. b4 e4 10. h3 exf3 11. hxg4 Nxg4 12. Ne4 fxg2 13. Bxg2 f5 14. f3 Nge5 15. Ng5 Be7 16. Kc2 h6 17. f4 Ng4 18. Ne6 Kf7 19. Bxc6 bxc6 20. Nd4 a5 21. Nxc6 axb4 22. cxb4 Bf6 23. Bb2 Ne3+ 24. Kb3 Nd5 25. Bxf6 Kxf6 26. Rhd1 Nxf4 27. Rd6+ Kf7 28. Ne5+ Kg8 29. c6 Kh7 30. b5 Rhe8 31. Nc4 Ne6 32. b6 Rac8 33. Kb4 f4 34. b7 Rb8 35. Nb6 Nc7 36. Nd7 Rbd8 37. b8Q Na6+ 38. Kb5 Nxb8 39. Rad1 Nxd7 40. cxd7 Re2 41. Rf1 g5 42. Rh1 Kg7 43. Rhxh6 Rxd7 44. Rdg6+ Kf7 45. Rxg5 Rxa2 46. Rf5+ Kg7 47. Rh4 Rb7+ 48. Kc6 Rf7 49. Rxf7+ Kxf7 50. Rxf4+ 1/2-1/2

[Event "Silves op"]
[Site "Silves"]
[Date "2025.03.06"]
[Round "8"]
[White "Bravo, Ricardo Antonio Rod"]
[Black "Silva, Ana Ines Teixeira D"]
[Result "0-1"]
[WhiteElo "1676"]
[BlackElo "1893"]
[PlyCount "66"]
[EventDate "2025.03.01"]
[EventType "swiss"]
[EventRounds "9"]
[EventCountry "POR"]
[SourceTitle "CB11_2025"]
[SourceDate "2025.03.12"]
[SourceVersion "1"]
[SourceVersionDate "2025.03.12"]
[SourceQuality "1"]

1. d4 d5 2. c4 e6 3. Nc3 Nf6 4. Bg5 dxc4 5. e3 c5 6. dxc5 Qxd1+ 7. Rxd1 Bxc5 8. Bxc4 a6 9. Nge2 Nbd7 10. 0-0 b5 11. Bb3 Bb7 12. a3 h6 13. Bf4 Ke7 14. Ba2 g5 15. Bg3 h5 16. b4 h4 17. bxc5 hxg3 18. Nxg3 Nxc5 19. Rd4 Rh4 20. Rfd1 Rah8 21. Rxh4 gxh4 22. Nge2 Rg8 23. Nf4 Bxg2 24. Rd4 e5 25. Nxg2 exd4 26. Nxb5 axb5 27. Kf1 dxe3 28. Nxe3 Ng4 29. Nf5+ Kf6 30. Nxh4 Nxh2+ 31. Ke2 Rg4 32. Nf3 Re4+ 33. Kd1 Nxf3 0-1

[Event "Silves op"]
[Site "Silves"]
[Date "2025.03.02"]
[Round "2"]
[White "Vasques, Antonio Pedro Freix"]
[Black "Silva, Ana Ines Teixeira D"]
[Result "1-0"]
[WhiteElo "2250"]
[BlackElo "1893"]
[PlyCount "71"]
[EventDate "2025.03.01"]
[EventType "swiss"]
[EventRounds "9"]
[EventCountry "POR"]
[SourceTitle "CB11_2025"]
[SourceDate "2025.03.12"]
[SourceVersion "1"]
[SourceVersionDate "2025.03.12"]
[SourceQuality "1"]

1. e4 e5 2. Nf3 Nc6 3. Bc4 Nf6 4. d3 h6 5. 0-0 d6 6. c3 g6 7. a4 Bg7 8. a5 a6 9. b4 0-0 10. Qb3 Qe7 11. Re1 Kh7 12. Nbd2 Nh5 13. Nf1 f5 14. exf5 Bxf5 15. Ne3 Nf4 16. Nxf5 Rxf5 17. Bxf4 Rxf4 18. Bd5 Raf8 19. Re3 Nd8 20. g3 R4f6 21. d4 c6 22. dxe5 dxe5 23. Nxe5 Rxf2 24. Rae1 cxd5 25. Nf3 Qd6 26. Kxf2 d4 27. Rd3 Nc6 28. Kg2 Qf6 29. cxd4 Qf5 30. Rd2 Nxd4 31. Nxd4 Bxd4 32. Qd3 Qd5+ 33. Qe4 Qxe4+ 34. Rxe4 Bg7 35. Rd7 Kg8 36. Re6 1-0

[Event "Maia op"]
[Site "Maia"]
[Date "2024.08.27"]
[Round "5"]
[White "Silva, Ana Ines Teixeira D"]
[Black "Rodriguez Lopez, Rafael"]
[Result "1/2-1/2"]
[WhiteElo "1975"]
[BlackElo "2171"]
[PlyCount "168"]
[EventDate "2024.08.23"]
[EventType "swiss"]
[EventRounds "9"]
[EventCountry "POR"]
[SourceTitle "CBM 221 Extra"]
[Source "ChessBase"]
[SourceDate "2024.09.30"]
[SourceVersion "1"]
[SourceVersionDate "2024.09.30"]
[SourceQuality "1"]

1. e4 c5 2. c3 d5 3. exd5 Qxd5 4. d4 Nf6 5. Nf3 e6 6. Na3 Qd8 7. Nc4 Be7 8. Be3 cxd4 9. Qxd4 0-0 10. 0-0-0 Nd5 11. Qd2 Nxe3 12. Qxe3 Qc7 13. Bd3 Nd7 14. h4 b5 15. Nce5 Nxe5 16. Qxe5 Qxe5 17. Nxe5 Bb7 18. Bxb5 Bxg2 19. Rh2 Be4 20. f3 Bf5 21. Rd7 Bc5 22. b4 Be3+ 23. Kb2 Rfd8 24. Re2 Rxd7 25. Nxd7 Bf4 26. Bc6 Rd8 27. b5 f6 28. Re1 e5 29. Rd1 Kf7 30. Nxe5+ Ke7 31. Rxd8 Kxd8 32. Nc4 h5 33. a4 g5 34. hxg5 fxg5 35. a5 Kc7 36. Bd5 h4 37. b6+ axb6 38. axb6+ Kb8 39. Na5 Bd7 40. Bc4 h3 41. Bf1 h2 42. Bg2 Be3 43. Nc4 Bc5 44. Kc2 Bb5 45. Ne5 Bxb6 46. c4 Ba6 47. Kd3 Bc7 48. Nd7+ Ka7 49. Nf6 Bf4 50. Nd5 Bg3 51. Nf6 Kb6 52. Kd4 Bf2+ 53. Kd5 Bb7+ 54. Ke5 Be3 55. Nd5+ Bxd5 56. Kxd5 Bf4 57. Ke4 Kc5 58. Kd3 Kb4 59. Bh1 Kb3 60. Bg2 Kb2 61. Ke2 Kc3 62. c5 Kd4 63. c6 Kc5 64. c7 Bxc7 65. Bh1 Bf4 66. Bg2 Kd4 67. Bh1 Ke5 68. Bg2 Kf6 69. Bh1 Kg6 70. Bg2 Kh6 71. Bh1 Kh5 72. Bg2 Kh4 73. Kf1 Kg3 74. Bh1 Bc7 75. Bg2 Bb6 76. Bh1 Ba7 77. Bg2 Be3 78. Bh1 Bf4 79. Bg2 Bd6 80. Bh1 Bc5 81. Bg2 h1Q+ 82. Bxh1 Kh2 83. Bg2 Be3 84. f4 Bxf4 1/2-1/2